| 000 | 01562cam a22004337a 4500 | ||
|---|---|---|---|
| 003 | CHAP | ||
| 005 | 20220329142151.0 | ||
| 008 | 000125d1999 mx r 00110 spa d | ||
| 010 | _a79470 | ||
| 011 | _a80442 | ||
| 035 | _a90893 | ||
| 040 | _cCHAP | ||
| 090 | _aTesis | ||
| 100 | 0 | 0 |
_aMartínez Ruiz, Artemio. _972495 |
| 245 | 1 | 0 |
_aPrincipios y práctica de la labranza de conservación para la región del Bajío de México _c/por Artemio Martínez Ruiz |
| 260 |
_aChapingo, Méx. : _bEl autor, _c1999. |
||
| 300 |
_a96 h. : _bilus. |
||
| 502 | _aTesis (Ing. Agr. Esp. en Fitotecnia) -- UACH. Departamento de Fitotecnia | ||
| 590 |
_aALEPH _b10 _c20130110 _lUCH01 _h1431 |
||
| 590 |
_aBATCH-UPD _b10 _c20130110 _lUCH01 _h0223 |
||
| 590 |
_aBATCH-UPD _b10 _c20130110 _lUCH01 _h1245 |
||
| 590 |
_aBATCH-UPD _b10 _c20130409 _lUCH01 _h2243 |
||
| 590 |
_aBATCH-UPD _b10 _c20130410 _lUCH01 _h1314 |
||
| 590 |
_aBATCH-UPD _b10 _c20130914 _lUCH01 _h0057 |
||
| 590 |
_aCONVERSION _b10 _c20130109 _lUCH01 _h1344 |
||
| 650 | 1 | 4 |
_aAgricultura _xTransferencia de tecnología. _91885 |
| 650 | 1 | 4 |
_aCebada _xBajío. _920663 |
| 650 | 1 | 4 |
_aChicharo _xBajío. _922263 |
| 650 | 1 | 4 |
_aLabranza de conservación. _964308 |
| 650 | 1 | 4 |
_aMaíz _xBajío. _970891 |
| 650 | 1 | 4 |
_aSorgo _xBajío. _9108631 |
| 650 | 1 | 4 |
_aTrigo _xBajío. _9114983 |
| 901 | _aBK | ||
| 905 | _aLilia Sánchez G. | ||
| 942 | _cFOLL | ||
| 949 |
_bBC _cTES _d33724000728226 _eTS2 _fc.2 _h34375 _i90893 _si |
||
| 949 |
_bBC _cTES _d33724000756904 _eTS2 _fc.3 _h35414 _i90893 _si |
||
| 949 |
_bBC _cTES _d908931 _eTS1 _h34374 _i90893 _sb |
||
| 999 |
_c79470 _d79470 |
||